000 00726cam a22002414a 4500
001 13028613
005 20171228071948.0
008 021212s2003 nyu 001 0 eng
010 _a 2002033019
020 _a0735528101 (alk. paper)
040 _aDLC
_cDLC
_dDLC
041 _aeng
042 _apcc
043 _an-us---
080 _a346.73066 PAL
082 0 0 _a346.73066 PAL
_221
100 1 _a14
101 _aJUR
245 1 0 _aCorporations :
_cAlan R. Palmiter.
906 _a7
_bcbc
_corignew
_d1
_eocip
_f20
_gy-gencatlg
942 _2ddc
_cBK
999 _c39577
_d39577